[Event "ODEM U25B 2013"]
[Site "Oberhof GER"]
[Date "2013.05.21"]
[Round "5"]
[White "Sherif, Malik"]
[Black "Dittrich, Tom"]
[Result "1/2-1/2"]
[Termination "normal"]
[Board "1"]
[WhiteElo "1440"]
[BlackElo "1648"]
[PlyCount "58"]
[WhiteFideId "12911755"]
[BlackFideId "12923532"]
[EventCountry "GER"]
[EventRounds "9"]
[EventType "swiss"]
[EventDate "2013.05.18"]

1. e4 c5 2. Nf3 d6 3. d4 cxd4 4. Nxd4 Nf6 5. Nc3 a6 6. Bg5 e6 7. f4 Qb6 8. Qd3
Nc6 9. Nxc6 Qxc6 10. O-O-O Bd7 11. Bxf6 gxf6 12. Be2 h5 13. Bf3 Qc7 14. Rd2
O-O-O 15. Qe2 h4 16. Rhd1 Be7 17. Qf2 Kb8 18. Re2 Rc8 19. a3 Qc5 20. Qxc5 Rxc5
21. e5 d5 22. Bg4 f5 23. Bf3 Rc4 24. g3 hxg3 25. hxg3 Rcc8 26. Rd3 Rcg8 27. Rg2
Rh3 28. Bd1 Bc6 29. Ne2 Bb5 1/2-1/2

[Event "ODEM U25B 2013"]
[Site "Oberhof GER"]
[Date "2013.05.21"]
[Round "5"]
[White "Schilay, Lorenz"]
[Black "Usczeck, Alina"]
[Result "1-0"]
[Termination "normal"]
[Board "2"]
[WhiteElo "1543"]
[BlackElo "1380"]
[PlyCount "123"]
[WhiteFideId "12930180"]
[BlackFideId "12938114"]
[EventCountry "GER"]
[EventRounds "9"]
[EventType "swiss"]
[EventDate "2013.05.18"]

1. e4 c6 2. d4 d5 3. exd5 cxd5 4. c4 Nf6 5. Nc3 e6 6. c5 Nc6 7. Bf4 b6 8. b4 a6
9. Nf3 Be7 10. Rb1 O-O 11. Bd3 bxc5 12. bxc5 Qa5 13. Qb3 Nh5 14. Bd2 Qc7 15.
O-O Nf4 16. Bxf4 Qxf4 17. Qa4 Qc7 18. Rb6 Bd7 19. Qb3 Rfb8 20. Rb1 a5 21. a3
Rxb6 22. Qxb6 Qxb6 23. Rxb6 Rb8 24. Rxb8+ Nxb8 25. Ne5 Bc6 26. Nb5 Bf6 27. f4
Bxe5 28. fxe5 Kf8 29. h4 h5 30. Kf2 Ke7 31. Kf3 f6 32. exf6+ Kxf6 33. Kf4 Bd7
34. Nd6 Bc6 35. Be2 g6 36. Bd3 Bd7 37. Nb7 a4 38. Nd6 Bc6 39. Bb5 Bxb5 40. Nxb5
Nc6 41. Ke3 Kf5 42. Nc3 Na5 43. Nxa4 Nc4+ 44. Kf3 Nxa3 45. Nc3 Nc4 46. c6 Nd6
47. c7 Nc8 48. g3 Nb6 49. Nb5 Nc8 50. Nc3 Nb6 51. Nd1 Nc8 52. Ne3+ Kf6 53. Kf4
Nb6 54. g4 Nc8 55. gxh5 gxh5 56. Nf1 Nb6 57. Ng3 Kg6 58. Ke5 Kf7 59. Kd6 Kf6
60. Nxh5+ Kg6 61. Nf4+ Kf6 62. Nxe6 1-0

[Event "ODEM U25B 2013"]
[Site "Oberhof GER"]
[Date "2013.05.21"]
[Round "5"]
[White "Arnold, Leander"]
[Black "Preißler, Niklas"]
[Result "0-1"]
[Termination "normal"]
[Board "3"]
[WhiteElo "1435"]
[BlackElo "1746"]
[PlyCount "50"]
[WhiteFideId "12990230"]
[BlackFideId "12927554"]
[EventCountry "GER"]
[EventRounds "9"]
[EventType "swiss"]
[EventDate "2013.05.18"]

1. e4 c5 2. Nf3 d6 3. d4 cxd4 4. Nxd4 Nf6 5. Nc3 a6 6. a3 e5 7. Nf3 Be7 8. Bc4
h6 9. h3 Nbd7 10. Be3 Qc7 11. Ba2 Nc5 12. Nd5 Nxd5 13. Bxd5 Rb8 14. Qe2 b5 15.
O-O Bb7 16. Bxc5 Qxc5 17. Bxb7 Rxb7 18. Rad1 Rc7 19. c3 O-O 20. Nh2 Rd8 21. Rd5
Qc4 22. Qd2 Qxe4 23. Re1 Qc4 24. Nf3 Rcc8 25. Re4 Qxe4 0-1

[Event "ODEM U25B 2013"]
[Site "Oberhof GER"]
[Date "2013.05.21"]
[Round "5"]
[White "Hinrichs, Niklas"]
[Black "Reimann, Matthias"]
[Result "0-1"]
[Termination "normal"]
[Board "4"]
[WhiteElo "1373"]
[BlackElo "1626"]
[PlyCount "93"]
[WhiteFideId "12942499"]
[BlackFideId "12928046"]
[EventCountry "GER"]
[EventRounds "9"]
[EventType "swiss"]
[EventDate "2013.05.18"]

1. d4 Nf6 2. c4 g6 3. Nc3 Bg7 4. Nf3 d6 5. Bf4 Nbd7 6. e3 O-O 7. Bd3 Re8 8. O-O
e5 9. dxe5 dxe5 10. Bg5 h6 11. Bxf6 Nxf6 12. Qc2 Qe7 13. Be2 c6 14. Rfd1 Bf5
15. e4 Bg4 16. h3 Bxf3 17. Bxf3 Rad8 18. Rxd8 Rxd8 19. Rd1 Rd7 20. Rxd7 Qxd7
21. Qd1 Qxd1+ 22. Bxd1 Bf8 23. Bc2 Bc5 24. Ne2 a5 25. Kf1 Bd4 26. b3 Kf8 27.
Nc1 Ke7 28. f3 Kd6 29. Nd3 Nh5 30. Ke1 Ng7 31. Ke2 Ne6 32. Kf1 Bc5 33. Nc1 Nd4
34. Bd3 Ne6 35. Ne2 Bd4 36. Ke1 Kc5 37. Bb1 Be3 38. Bd3 Kb4 39. Bc2 Ka3 40. Nc3
Kb2 41. Nd1+ Kxc2 42. Nxe3+ Kb2 43. Ng4 Kxa2 44. Nxh6 f6 45. Ng4 Kxb3 46. Nh6
Ka2 47. Nf7 0-1

[Event "ODEM U25B 2013"]
[Site "Oberhof GER"]
[Date "2013.05.21"]
[Round "5"]
[White "Reyher, Susan"]
[Black "Pixa, Ulrich"]
[Result "0-1"]
[Termination "normal"]
[Board "5"]
[WhiteElo "1382"]
[BlackElo "1518"]
[PlyCount "88"]
[WhiteFideId "24686107"]
[BlackFideId "4697723"]
[EventCountry "GER"]
[EventRounds "9"]
[EventType "swiss"]
[EventDate "2013.05.18"]

1. e4 e5 2. Nf3 Nc6 3. Bc4 Bc5 4. c3 Nf6 5. d4 exd4 6. cxd4 Bb4+ 7. Bd2 Bxd2+
8. Nbxd2 d5 9. exd5 Nxd5 10. O-O O-O 11. Re1 Bg4 12. Qb3 Na5 13. Qd3 Nxc4 14.
Qxc4 c6 15. Re5 f6 16. Re4 Qd7 17. Rae1 Bf5 18. Re7 Qc8 19. Nf1 Kh8 20. R7e2
Bg4 21. Qb3 Qd7 22. h3 Bh5 23. Ng3 Bf7 24. Qd3 Nf4 25. Re7 Qxe7 26. Qxh7+ Kxh7
27. Rxe7 Bxa2 28. Nf5 Ne6 29. Rxb7 Rfb8 30. Rd7 Rxb2 31. Rd6 Bd5 32. N3h4 Rd8
33. Rxd8 Nxd8 34. Ne3 a5 35. Nxd5 cxd5 36. Nf5 a4 37. Ne3 a3 38. Nxd5 a2 39.
Nf4 a1=Q+ 40. Kh2 Rxf2 41. Kg3 Qxd4 42. Kh4 g5+ 43. Kh5 Qxf4 44. g4 Rh2 0-1

[Event "ODEM U25B 2013"]
[Site "Oberhof GER"]
[Date "2013.05.21"]
[Round "5"]
[White "Finkous, Robert"]
[Black "Schmidt, Alexandra"]
[Result "1-0"]
[Termination "normal"]
[Board "6"]
[WhiteElo "1481"]
[BlackElo "1512"]
[PlyCount "37"]
[WhiteFideId "12979490"]
[BlackFideId "12946036"]
[EventCountry "GER"]
[EventRounds "9"]
[EventType "swiss"]
[EventDate "2013.05.18"]

1. e4 e6 2. d4 d5 3. Nc3 Bb4 4. exd5 exd5 5. a3 Bxc3+ 6. bxc3 Ne7 7. Bd3 O-O 8.
Nf3 c6 9. O-O Bg4 10. Bxh7+ Kh8 11. Bd3 Nd7 12. h3 Bh5 13. c4 dxc4 14. Bxc4 Bg6
15. Bd3 c5 16. Bxg6 Nxg6 17. d5 Nb6 18. Ng5 Re8 19. Nxf7+ 1-0

[Event "ODEM U25B 2013"]
[Site "Oberhof GER"]
[Date "2013.05.21"]
[Round "5"]
[White "Gheng, Christian"]
[Black "Dathe, Frederick"]
[Result "1-0"]
[Termination "normal"]
[Board "7"]
[WhiteElo "1696"]
[BlackElo "1233"]
[PlyCount "86"]
[WhiteFideId "24660345"]
[BlackFideId "12963070"]
[EventCountry "GER"]
[EventRounds "9"]
[EventType "swiss"]
[EventDate "2013.05.18"]

1. e4 c5 2. Nf3 d6 3. d4 cxd4 4. Nxd4 Nf6 5. Nc3 g6 6. f4 Nc6 7. Nxc6 bxc6 8.
e5 dxe5 9. Qxd8+ Kxd8 10. fxe5 Nd7 11. Bf4 Bg7 12. O-O-O e6 13. Ne4 Ke7 14.
Bg5+ Kf8 15. Nf6 Nxe5 16. Nxh7+ Kg8 17. Nf6+ Bxf6 18. Bxf6 Nd7 19. Bxh8 Kxh8
20. h4 Ne5 21. Rd8+ Kg7 22. h5 Bb7 23. Rxa8 Bxa8 24. hxg6 Nxg6 25. Be2 f5 26.
Bf3 e5 27. Rd1 e4 28. Rd7+ Kf6 29. Rxa7 exf3 30. gxf3 Kg5 31. Rxa8 Kf4 32. Ra3
Ne5 33. Rc3 Nxf3 34. a4 Nd4 35. a5 Ne2+ 36. Kd2 Nxc3 37. bxc3 Kg3 38. a6 f4 39.
a7 f3 40. a8=Q f2 41. Qg8+ Kf3 42. Qf8+ Kg2 43. Ke2 Kh1 1-0

[Event "ODEM U25B 2013"]
[Site "Oberhof GER"]
[Date "2013.05.21"]
[Round "5"]
[White "Walter, Daniel"]
[Black "Grüninger, Maxim"]
[Result "0-1"]
[Termination "normal"]
[Board "8"]
[WhiteElo "1338"]
[BlackElo "1445"]
[PlyCount "50"]
[WhiteFideId "12983110"]
[BlackFideId "12942960"]
[EventCountry "GER"]
[EventRounds "9"]
[EventType "swiss"]
[EventDate "2013.05.18"]

1. e4 e5 2. Bc4 Nc6 3. Nf3 Bc5 4. c3 Qe7 5. O-O d6 6. d4 Bb6 7. Ng5 Nh6 8. d5
Nd8 9. a4 a6 10. a5 Ba7 11. h3 f6 12. Nf3 f5 13. Bxh6 gxh6 14. Bd3 f4 15. Nh2
Rg8 16. Be2 Bxh3 17. Ng4 Bxg2 18. Kxg2 h5 19. Rg1 hxg4 20. Kf1 g3 21. fxg3 Bxg1
22. Kxg1 Rxg3+ 23. Kf1 Qh4 24. Bf3 Qh3+ 25. Kf2 Qh2+ 0-1

[Event "ODEM U25B 2013"]
[Site "Oberhof GER"]
[Date "2013.05.21"]
[Round "5"]
[White "Frohnhäuser, Simon"]
[Black "Thumm, Niklas"]
[Result "0-1"]
[Termination "normal"]
[Board "9"]
[WhiteElo "1418"]
[BlackElo "1330"]
[PlyCount "96"]
[WhiteFideId "16208528"]
[BlackFideId "12918733"]
[EventCountry "GER"]
[EventRounds "9"]
[EventType "swiss"]
[EventDate "2013.05.18"]

1. f4 e5 2. fxe5 d6 3. Nf3 Bg4 4. e4 dxe5 5. Bc4 Nf6 6. Nc3 Bc5 7. Qe2 Nc6 8.
Bxf7+ Kxf7 9. Qc4+ Ke8 10. Qxc5 Nd7 11. Qe3 Rf8 12. Rf1 Bxf3 13. gxf3 Nd4 14.
Kd1 Qh4 15. Nd5 Kd8 16. c3 Qh3 17. Qg5+ Nf6 18. Ne3 Nxf3 19. Qxg7 Nd7 20. Qg3
Qh5 21. Ng4 Rf4 22. h3 Ng5 23. Rxf4 exf4 24. Qxf4 Nxh3 25. Qf5 Qxg4+ 26. Qxg4
Nf2+ 27. Ke2 Nxg4 28. d4 Ke7 29. Bg5+ Kf7 30. Rg1 h5 31. Bh4 Rg8 32. Rf1+ Ke6
33. Rf5 Ndf6 34. d5+ Kf7 35. e5 Re8 36. Bxf6 Kg6 37. Rg5+ Kh6 38. Kd3 Nxf6 39.
Rf5 Ng4 40. Ke4 Rxe5+ 41. Kf4 Rxf5+ 42. Kxf5 Ne3+ 43. Ke4 Nxd5 44. c4 Kg5 45.
Kf3 Nf4 46. b4 h4 47. a4 Nd3 48. b5 Nb2 0-1

[Event "ODEM U25B 2013"]
[Site "Oberhof GER"]
[Date "2013.05.21"]
[Round "5"]
[White "Schier, Lukas"]
[Black "Vinogradov, Anatoli"]
[Result "1/2-1/2"]
[Termination "normal"]
[Board "10"]
[WhiteElo "1327"]
[BlackElo "1410"]
[PlyCount "29"]
[BlackFideId "12977802"]
[EventCountry "GER"]
[EventRounds "9"]
[EventType "swiss"]
[EventDate "2013.05.18"]

1. e4 e5 2. Nf3 Nc6 3. d4 exd4 4. Nxd4 Nxd4 5. Qxd4 d6 6. Nc3 f5 7. Be2 Nf6 8.
Bg5 Be7 9. Nd5 fxe4 10. Nxf6+ gxf6 11. Bh5+ Kd7 12. Bg4+ Ke8 13. Bh5+ Kd7 14.
Bg4+ Ke8 15. Bh5+ 1/2-1/2

[Event "ODEM U25B 2013"]
[Site "Oberhof GER"]
[Date "2013.05.21"]
[Round "5"]
[White "Rank, Thomas"]
[Black "Morio, Estelle"]
[Result "0-1"]
[Termination "normal"]
[Board "11"]
[WhiteElo "1407"]
[BlackElo "1322"]
[PlyCount "76"]
[WhiteFideId "12967351"]
[BlackFideId "12951951"]
[EventCountry "GER"]
[EventRounds "9"]
[EventType "swiss"]
[EventDate "2013.05.18"]

1. e4 d6 2. d4 Nf6 3. Nc3 Nbd7 4. f4 e5 5. Nf3 c6 6. Bd3 Be7 7. Be3 O-O 8. h3
Qc7 9. O-O b5 10. a3 a5 11. Qd2 Re8 12. Rae1 Ba6 13. Ne2 Nb6 14. b3 a4 15. dxe5
dxe5 16. Nxe5 axb3 17. cxb3 Bb7 18. Qc3 Rxa3 19. Bc1 Ra2 20. Nd4 b4 21. Nb5
bxc3 22. Nxc7 Rc8 23. Be3 Nbd7 24. Nxd7 Nxd7 25. Ra1 Rxa1 26. Rxa1 Rxc7 27. Ra7
Bd8 28. f5 Ne5 29. Bb6 Rd7 30. Bxd8 Nxd3 31. Ba5 c2 32. Bd2 c1=Q+ 33. Bxc1 Nxc1
34. Kf1 Nd3 35. Ke2 Nc5 36. Ra5 Nxe4 37. Re5 Nf6 38. g4 Rd8 0-1

[Event "ODEM U25B 2013"]
[Site "Oberhof GER"]
[Date "2013.05.21"]
[Round "5"]
[White "Schrader, Alia"]
[Black "Granzin, David"]
[Result "1/2-1/2"]
[Termination "normal"]
[Board "12"]
[WhiteElo "1311"]
[BlackElo "1391"]
[PlyCount "71"]
[WhiteFideId "16270312"]
[BlackFideId "12922145"]
[EventCountry "GER"]
[EventRounds "9"]
[EventType "swiss"]
[EventDate "2013.05.18"]

1. e4 d5 2. exd5 Nf6 3. Bb5+ Bd7 4. Bxd7+ Qxd7 5. Nc3 Nxd5 6. Nxd5 Qxd5 7. Nf3
g6 8. d4 Bg7 9. O-O O-O 10. Bf4 Nc6 11. c3 Rac8 12. Re1 Rfe8 13. Qd2 e5 14.
dxe5 Qxd2 15. Bxd2 Nxe5 16. Nxe5 Rxe5 17. Rxe5 Bxe5 18. Re1 Bf6 19. Bf4 c6 20.
Rd1 Re8 21. Kf1 Rd8 22. Rxd8+ Bxd8 23. b3 Kg7 24. Be5+ Bf6 25. f4 Bxe5 26. fxe5
f6 27. exf6+ Kxf6 28. Ke2 Ke5 29. Ke3 h6 30. a3 b5 31. g3 g5 32. g4 a6 33. h3
Kd5 34. Kd3 Ke5 35. Ke3 Kd5 36. Kd3 1/2-1/2

[Event "ODEM U25B 2013"]
[Site "Oberhof GER"]
[Date "2013.05.21"]
[Round "5"]
[White "Schramm, Anna-Lena"]
[Black "Silber, Kevin"]
[Result "1/2-1/2"]
[Termination "normal"]
[Board "13"]
[WhiteElo "1420"]
[BlackElo "1542"]
[PlyCount "80"]
[WhiteFideId "12918237"]
[BlackFideId "12930440"]
[EventCountry "GER"]
[EventRounds "9"]
[EventType "swiss"]
[EventDate "2013.05.18"]

1. e4 c6 2. c4 d5 3. exd5 cxd5 4. Nf3 Nf6 5. Nc3 e6 6. cxd5 exd5 7. d4 Nc6 8.
Bb5 a6 9. Ba4 Bd7 10. O-O Be7 11. Be3 O-O 12. Qd3 Nb4 13. Qe2 Bxa4 14. Nxa4 Ne4
15. Nc3 Nf6 16. a3 Nc6 17. Qd3 Rc8 18. Rac1 Qd6 19. h3 Na5 20. Ne2 Nc4 21. Bf4
Qb6 22. b4 Bd6 23. Ne5 Qb5 24. Qf3 Bxe5 25. dxe5 Ne4 26. Nc3 Nxc3 27. Rxc3 Rfd8
28. Qg3 d4 29. Rd3 Qb6 30. Re1 Qe6 31. Re4 Qg6 32. Qxg6 hxg6 33. Rexd4 Rxd4 34.
Rxd4 Nxa3 35. Rd7 Rc4 36. Bd2 Re4 37. Rxb7 Rxe5 38. Rb6 Nc4 39. Rb8+ Kh7 40.
Bc3 Rb5 1/2-1/2

[Event "ODEM U25B 2013"]
[Site "Oberhof GER"]
[Date "2013.05.21"]
[Round "5"]
[White "Hausdorf, Lars"]
[Black "Hesse, Henrik"]
[Result "1-0"]
[Termination "normal"]
[Board "14"]
[WhiteElo "1348"]
[BlackElo "1701"]
[PlyCount "95"]
[WhiteFideId "16200390"]
[BlackFideId "12952060"]
[EventCountry "GER"]
[EventRounds "9"]
[EventType "swiss"]
[EventDate "2013.05.18"]

1. e4 e5 2. Nf3 Nf6 3. Nc3 Nc6 4. a3 Bc5 5. Nxe5 Nxe5 6. d4 Bxd4 7. Qxd4 Nc6 8.
Qd1 h6 9. Be2 d6 10. O-O O-O 11. Be3 Re8 12. f3 Be6 13. Qd2 Qe7 14. Bf2 Rad8
15. Bh4 Ne5 16. f4 Nc4 17. Bxc4 Bxc4 18. Rfe1 Qe6 19. Qe3 Ra8 20. Rad1 c6 21.
b3 Ba6 22. Qd4 Nh5 23. f5 Qe5 24. Qxe5 dxe5 25. Bf2 Rad8 26. Bxa7 Nf4 27. Kf2
g5 28. Bb6 Rc8 29. Rd7 c5 30. Rd6 Kg7 31. Red1 Nh5 32. Nd5 Rb8 33. g3 c4 34. b4
c3 35. Nc7 Rg8 36. b5 Nf6 37. Ke3 Ng4+ 38. Ke2 Nf6 39. Kf3 Ne8 40. Nxe8+ Rgxe8
41. bxa6 bxa6 42. R1d3 Rec8 43. Kg4 Rc4 44. Re3 Ra4 45. Bc5 Rb5 46. Bb4 a5 47.
Bxc3 Rxa3 48. Bxe5+ 1-0

[Event "ODEM U25B 2013"]
[Site "Oberhof GER"]
[Date "2013.05.21"]
[Round "5"]
[White "Gose, Paul-Lukas"]
[Black "Binner, Jule"]
[Result "1-0"]
[Termination "normal"]
[Board "15"]
[WhiteElo "1475"]
[BlackElo "1274"]
[PlyCount "99"]
[WhiteFideId "34688994"]
[BlackFideId "16205332"]
[EventCountry "GER"]
[EventRounds "9"]
[EventType "swiss"]
[EventDate "2013.05.18"]

1. d4 f5 2. c4 Nf6 3. Nc3 g6 4. Nf3 Bg7 5. Bg5 O-O 6. e3 d6 7. Be2 Qe8 8. Nb5
Na6 9. O-O c6 10. Nc3 Nc7 11. Rc1 h6 12. Bxf6 Bxf6 13. b4 e5 14. d5 Qe7 15. Qd2
Kh7 16. Rc2 Rg8 17. Rfc1 g5 18. c5 Bd7 19. dxc6 Bxc6 20. cxd6 Qd8 21. dxc7 Qxc7
22. b5 Be8 23. Nd5 Qf7 24. Rc7 Bd7 25. Nxf6+ Qxf6 26. Qxd7+ Rg7 27. Qxg7+ Qxg7
28. Rxg7+ Kxg7 29. Nxe5 Kf6 30. Nd7+ Ke7 31. Ne5 Ke6 32. f4 g4 33. Bc4+ Kf6 34.
Rd1 Rc8 35. Rd6+ Ke7 36. Rxh6 Rd8 37. Re6+ Kf8 38. Rf6+ Kg7 39. Rf7+ Kh6 40.
Rd7 Rc8 41. Rxb7 Rd8 42. Nf7+ Kg6 43. Nxd8 a5 44. Rf7 a4 45. b6 a3 46. b7 Kh6
47. b8=Q g3 48. Qd6+ Kh5 49. Rh7+ Kg4 50. Qg6# 1-0

[Event "ODEM U25B 2013"]
[Site "Oberhof GER"]
[Date "2013.05.21"]
[Round "5"]
[White "Fischer, Elias"]
[Black "Lang, Thomas"]
[Result "1/2-1/2"]
[Termination "normal"]
[Board "16"]
[WhiteElo "1452"]
[BlackElo "1210"]
[PlyCount "40"]
[WhiteFideId "12963305"]
[BlackFideId "12982520"]
[EventCountry "GER"]
[EventRounds "9"]
[EventType "swiss"]
[EventDate "2013.05.18"]

1. Nf3 Nf6 2. g3 g6 3. Bg2 Bg7 4. O-O O-O 5. d3 d6 6. e4 e5 7. Nc3 Nc6 8. Bd2
Bd7 9. Qc1 Qc8 10. Bh6 Bh3 11. Bxg7 Kxg7 12. Ng5 Bxg2 13. Kxg2 h6 14. Nf3 Nh5
15. Nh4 Nf4+ 16. gxf4 Qg4+ 17. Kh1 Qxh4 18. Ne2 g5 19. f5 h5 20. Qe3 g4 1/2-1/2

[Event "ODEM U25B 2013"]
[Site "Oberhof GER"]
[Date "2013.05.21"]
[Round "5"]
[White "Riehle, Fabio"]
[Black "Hagenbeck-Hübert, Lara"]
[Result "0-1"]
[Termination "normal"]
[Board "18"]
[WhiteElo "1167"]
[BlackElo "1338"]
[PlyCount "40"]
[WhiteFideId "36052140"]
[BlackFideId "12964484"]
[EventCountry "GER"]
[EventRounds "9"]
[EventType "swiss"]
[EventDate "2013.05.18"]

1. e4 e5 2. Nf3 Nc6 3. d4 exd4 4. Bc4 Nf6 5. e5 Qe7 6. O-O Ng4 7. Nxd4 Nh6 8.
Re1 Qh4 9. Bxh6 gxh6 10. Nxc6 dxc6 11. Bb3 Bc5 12. Re2 Bg4 13. e6 Rd8 14. exf7+
Kf8 15. Re8+ Kg7 16. Rg8+ Rhxg8 17. fxg8=Q+ Rxg8 18. Bxg8 Qxf2+ 19. Kh1 Bxd1
20. Nc3 Qg1# 0-1

[Event "ODEM U25B 2013"]
[Site "Oberhof GER"]
[Date "2013.05.21"]
[Round "5"]
[White "Bajorski, Marius"]
[Black "Mönster, Michel"]
[Result "1-0"]
[Termination "normal"]
[Board "19"]
[WhiteElo "1136"]
[BlackElo "1310"]
[PlyCount "109"]
[WhiteFideId "12938831"]
[BlackFideId "12947164"]
[EventCountry "GER"]
[EventRounds "9"]
[EventType "swiss"]
[EventDate "2013.05.18"]

1. e4 e6 2. d4 d5 3. Nc3 Bb4 4. Nge2 dxe4 5. a3 Bxc3+ 6. Nxc3 Nf6 7. Bg5 Nc6 8.
Bb5 Bd7 9. Nxe4 Nxd4 10. Bxd7+ Qxd7 11. Bxf6 Nf5 12. Qxd7+ Kxd7 13. Bc3 Rhg8
14. O-O-O+ Kc6 15. Rd3 Ne7 16. Ng5 b6 17. Nxf7 Ng6 18. Ne5+ Nxe5 19. Bxe5 Raf8
20. f3 Rf5 21. Bg3 Rc8 22. Re1 Rf6 23. Rde3 Kd5 24. Rc3 c5 25. b4 c4 26. Rd1+
Kc6 27. Rxc4+ Kb7 28. Rxc8 Kxc8 29. b5 Rf5 30. a4 Rc5 31. Kb2 Rf5 32. Rd6 Rf6
33. Rc6+ Kd7 34. Rc7+ Ke8 35. Rxg7 Rh6 36. Rxa7 e5 37. Kc3 Re6 38. Rxh7 e4 39.
fxe4 Rxe4 40. Kb3 Re2 41. Rb7 Kd8 42. Rxb6 Kc8 43. Rc6+ Kb7 44. Rc7+ Kb6 45.
Kb4 Re4+ 46. c4 Re5 47. a5+ Kxc7 48. Bxe5+ Kb7 49. c5 Ka8 50. a6 Ka7 51. Ka5
Ka8 52. Bf4 Ka7 53. b6+ Ka8 54. b7+ Ka7 55. b8=Q# 1-0

[Event "ODEM U25B 2013"]
[Site "Oberhof GER"]
[Date "2013.05.21"]
[Round "5"]
[White "Wolff, Marie Antoinette"]
[Black "Zeuner, Ole"]
[Result "1/2-1/2"]
[Termination "normal"]
[Board "20"]
[WhiteElo "1280"]
[BlackElo "1135"]
[PlyCount "62"]
[WhiteFideId "12908258"]
[BlackFideId "12943576"]
[EventCountry "GER"]
[EventRounds "9"]
[EventType "swiss"]
[EventDate "2013.05.18"]

1. c4 e5 2. Nc3 Nc6 3. g3 d6 4. e3 Be7 5. Bg2 Be6 6. d3 Qd7 7. Nge2 Bd8 8. O-O
Bh3 9. Rb1 h5 10. Re1 h4 11. Bh1 hxg3 12. Nxg3 Bh4 13. d4 O-O-O 14. dxe5 Nxe5
15. b4 Bg4 16. Qd5 c6 17. Qe4 f5 18. Qd4 Kb8 19. b5 c5 20. Qd5 Nf6 21. Qd2 Nf3+
22. Bxf3 Bxf3 23. Qd3 Bxg3 24. fxg3 Ng4 25. Rb2 Rh7 26. e4 fxe4 27. Nxe4 Bxe4
28. Qxe4 Rhh8 29. Bf4 Rde8 30. Qb1 Re7 31. Rxe7 Qxe7 1/2-1/2

[Event "ODEM U25B 2013"]
[Site "Oberhof GER"]
[Date "2013.05.21"]
[Round "5"]
[White "Grünwald, Max"]
[Black "Schluckner, Paul-Leopold"]
[Result "0-1"]
[Termination "normal"]
[Board "21"]
[WhiteElo "1118"]
[BlackElo "1259"]
[PlyCount "32"]
[WhiteFideId "12992283"]
[BlackFideId "12952168"]
[EventCountry "GER"]
[EventRounds "9"]
[EventType "swiss"]
[EventDate "2013.05.18"]

1. e4 e5 2. f4 d6 3. Nf3 Nc6 4. Nc3 Nf6 5. Bc4 Qe7 6. Qe2 Be6 7. Bb5 Bd7 8. Nd5
Qd8 9. Bxc6 Bxc6 10. fxe5 dxe5 11. Nxe5 Nxe4 12. Qxe4 Bxd5 13. Qe2 Qh4+ 14. g3
Qe7 15. d4 Bxh1 16. Bf4 O-O-O 0-1

[Event "ODEM U25B 2013"]
[Site "Oberhof GER"]
[Date "2013.05.21"]
[Round "5"]
[White "Reif, Richard"]
[Black "Kovac, Linda"]
[Result "0-1"]
[Termination "normal"]
[Board "22"]
[WhiteElo "1016"]
[BlackElo "1250"]
[PlyCount "74"]
[WhiteFideId "12983764"]
[BlackFideId "12938815"]
[EventCountry "GER"]
[EventRounds "9"]
[EventType "swiss"]
[EventDate "2013.05.18"]

1. d4 c5 2. dxc5 g6 3. e4 Bg7 4. Nc3 Na6 5. Be3 e6 6. Nf3 Ne7 7. Bc4 Qa5 8. Bd4
O-O 9. Bxg7 Kxg7 10. Qd6 Qxc5 11. Qxc5 Nxc5 12. b4 Na6 13. e5 Nxb4 14. Nd4 Nec6
15. O-O-O Nxe5 16. a3 Nxc4 17. axb4 b6 18. Nb3 d5 19. Nd2 Ne5 20. Rhe1 Ng4 21.
Re2 Bb7 22. h3 Nf6 23. Nf3 a5 24. bxa5 bxa5 25. Kb2 Ba6 26. Red2 Rab8+ 27. Ka3
Rb4 28. Na2 Rb5 29. Nc3 Rc5 30. Na4 Rc7 31. Nb6 Rb8 32. Rb1 Rcb7 33. Ka4 Rxb6
34. Rxb6 Rxb6 35. Kxa5 Rd6 36. Ne5 Ne4 37. Re2 Bxe2 0-1

[Event "ODEM U25B 2013"]
[Site "Oberhof GER"]
[Date "2013.05.21"]
[Round "5"]
[White "Wagner, Swenja"]
[Black "Wiemann, Daniel"]
[Result "1-0"]
[Termination "normal"]
[Board "23"]
[WhiteElo "1248"]
[BlackElo "1457"]
[PlyCount "113"]
[WhiteFideId "12900494"]
[BlackFideId "12942944"]
[EventCountry "GER"]
[EventRounds "9"]
[EventType "swiss"]
[EventDate "2013.05.18"]

1. e4 e5 2. Nc3 Nf6 3. Bc4 Bc5 4. d3 O-O 5. Bg5 h6 6. Bh4 Bd4 7. Nge2 d6 8.
Nxd4 exd4 9. Nd5 Nbd7 10. Qd2 c6 11. Nxf6+ Nxf6 12. O-O-O b5 13. Bb3 a5 14. a4
b4 15. f4 Qe7 16. Rde1 Re8 17. e5 dxe5 18. fxe5 Be6 19. exf6 gxf6 20. Qxh6 Qf8
21. Qxf8+ Kxf8 22. Bxe6 Rxe6 23. Rxe6 fxe6 24. Bxf6 Kf7 25. Bxd4 Rd8 26. Bb6
Ra8 27. b3 Ra6 28. Bc5 Ke8 29. h4 Kf7 30. Kd2 Ra8 31. Rf1+ Kg6 32. g4 Rh8 33.
Rh1 e5 34. Ke3 Kf6 35. Ke4 Rg8 36. g5+ Ke6 37. Rf1 Rh8 38. Rf6+ Kd7 39. Rf7+
Ke8 40. Rf8+ Rxf8 41. Bxf8 Kxf8 42. Kxe5 Ke7 43. h5 Kf7 44. Kd6 Kg7 45. h6+ Kg6
46. Kxc6 Kh7 47. d4 Kg6 48. d5 Kf7 49. d6 Kg6 50. d7 Kxg5 51. d8=Q+ Kxh6 52.
Qg8 Kh5 53. Qg3 Kh6 54. Kd6 Kh7 55. Ke6 Kh8 56. Kf7 Kh7 57. Qh2# 1-0

[Event "ODEM U25B 2013"]
[Site "Oberhof GER"]
[Date "2013.05.21"]
[Round "5"]
[White "Zimmer, Luca"]
[Black "Eggert, Daniela"]
[Result "1/2-1/2"]
[Termination "normal"]
[Board "24"]
[WhiteElo "1049"]
[BlackElo "1241"]
[PlyCount "68"]
[WhiteFideId "12921424"]
[BlackFideId "12991490"]
[EventCountry "GER"]
[EventRounds "9"]
[EventType "swiss"]
[EventDate "2013.05.18"]

1. e4 e5 2. Nf3 Nc6 3. Bc4 Bc5 4. c3 Nf6 5. d4 exd4 6. cxd4 Bb4+ 7. Bd2 Bxd2+
8. Nbxd2 d5 9. exd5 Nxd5 10. O-O O-O 11. Qb3 Na5 12. Qa4 Nxc4 13. Nxc4 Qf6 14.
Rfe1 Bh3 15. Nce5 Be6 16. Re2 Qh6 17. Rae1 f6 18. Nd7 Bxd7 19. Qxd7 Nf4 20. Re8
Raxe8 21. Rxe8 Ng6 22. Qe6+ Kh8 23. h3 Qc1+ 24. Kh2 Qxb2 25. Qf7 Qa3 26. Nh4
Qd6+ 27. g3 Rxe8 28. Qxe8+ Nf8 29. Nf5 Qb4 30. Ne7 h5 31. Qxf8+ Kh7 32. Ng6
Qxd4 33. Ne7 Qxf2+ 34. Kh1 Qf1+ 1/2-1/2